[Event "Champagne-chT"]
[Site "Ardennes"]
[Date "2005.05.05"]
[Round "5"]
[White "Godard, Adrien"]
[Black "Cuvelier, Romain"]
[Result "1-0"]
[WhiteElo "1760"]
[BlackElo "1099"]
[PlyCount "51"]
[EventDate "2005.05.05"]
[EventType "team"]
[EventRounds "8"]
[EventCountry "FRA"]
[SourceTitle "EXT 2007"]
[Source "ChessBase"]
[SourceDate "2006.11.23"]
[SourceVersion "1"]
[SourceVersionDate "2006.11.23"]
[SourceQuality "1"]

1. e4 e6 2. d4 d5 3. e5 c5 4. c3 Nc6 5. Nf3 f6 6. Bb5 Bd7 7. Be3 b6 8. Qa4 Qc7 9. Nbd2 c4 10. b3 a6 11. b4 Qb7 12. Bxc6 Bxc6 13. Qc2 0-0-0 14. 0-0 h5 15. a4 Be7 16. Rfb1 g5 17. b5 g4 18. bxc6 Qxc6 19. Ne1 h4 20. a5 b5 21. exf6 Bxf6 22. g3 hxg3 23. fxg3 e5 24. Ng2 Rd7 25. Qf5 Kd8 26. dxe5 1-0